Test de Rapidité - L'Alphabet à l'Envers ! - Statistiques

Statistiques générales
  • Ce quiz a été pris 247 fois
  • Le résultat moyen est 17 sur 26
Statistiques - réponses
Lettres % Correct
Z
96%
Y
93%
X
92%
W
91%
V
88%
U
86%
T
84%
S
82%
R
80%
Q
74%
P
69%
O
66%
M
63%
N
61%
L
57%
K
52%
J
50%
I
48%
H
46%
G
45%
F
44%
E
43%
D
42%
C
40%
B
36%
A
35%
Aucun quiz correspondant
Distribution des résultats
% des personnes avec chaque résultat
Percentile par nombre de réponses
Votre historique - résultats
Vous n’avez pas pris ce quiz